| 000 | 00443nam a2200157 a 4500 | ||
|---|---|---|---|
| 005 | 20140310163131.0 | ||
| 008 | 140310b1960 enk||||| |||| 00| 0 eng d | ||
| 041 | _aeng | ||
| 044 | _aenk | ||
| 090 |
_aLB _b03051 |
||
| 100 |
_aRagge, D. R. _919372 |
||
| 245 |
_aWing-venation of the or thoptera saltatoria _bwith notes on dictyopteran wing-venation |
||
| 260 |
_aLondres _bPrinted in Great Britain _c1960? |
||
| 300 | _a150 | ||
| 942 |
_cImpreso _2z |
||
| 999 |
_c3282 _d3282 |
||